| 000 | 00975nmm a2200349 a 4500 | ||
|---|---|---|---|
| 003 | AR-BaBNM | ||
| 005 | 20251128204328.0 | ||
| 008 | 011101s1993 ||||||||||||||000 | spa|| | ||
| 020 | _a950-550-059-9 | ||
| 040 | _cAR-BaBNM | ||
| 100 | 1 | _aBadaracco de Schulz, Mónica | |
| 245 | 1 | 0 | _aEl taller ¿es o se hace? |
| 250 | _a2ª ed. | ||
| 260 |
_aBuenos Aires _bMagisterio del Río de la Plata _c1993 |
||
| 300 | 0 |
_a63 p. _bil. |
|
| 500 | 0 | _aPrólogo por Ezequiel Ander-Egg | |
| 504 | _aBibliografía p. 63 | ||
| 650 | 4 | _aTALLERES ESCOLARES | |
| 650 | 4 | _aMETODOS DE ENSENANZA | |
| 650 | 4 | _aCREATIVIDAD | |
| 650 | 4 | _aTRABAJO EN EQUIPO | |
| 650 | 4 | _aOBJETIVOS EDUCACIONALES | |
| 650 | 4 | _aPSICOMOTRICIDAD | |
| 650 | 4 | _aROL DEL DOCENTE | |
| 650 | 4 | _aPAPEL DEL ALUMNO | |
| 650 | 4 | _aPAPEL DE LOS PADRES | |
| 653 | _aPROCESO DE ENSENANZA-APRENDIZAJE | ||
| 653 | _aESTRATEGIAS EDUCATIVAS | ||
| 653 | _aJARDINES DE INFANTES | ||
| 942 | _cBK | ||
| 998 | _cCarmen | ||
| 999 |
_c7044 _d7044 |
||